000 00310nam a2200133Ia 4500
008 151213s9999 xx 000 0 und d
100 _aof
245 _aThe Mayor of Conterloridge
_cof
300 _a8858 p.
650 _aEnglish Literature
650 _aEnglish Literature
700 _aof
999 _c4643
_d4643